El pensamiento de Juan David García Bacca, una filosofía para nuestro tiempo
Saved in:
| Main Authors: | , , |
|---|---|
| Format: | Bog |
| Sprog: | spansk |
| Udgivet: |
Bilbao
Universidad de Deusto
2003
|
| Serier: | Filosofía, 30
|
| Fag: | |
| Tags: |
Tilføj Tag
Ingen Tags, Vær først til at tagge denne postø!
|
MARC
| LEADER | 00000cam a2200000 a 4500 | ||
|---|---|---|---|
| 001 | UCF1211 | ||
| 003 | CL-VaPUC | ||
| 005 | 20220103094022.0 | ||
| 008 | 120621e20030000sp 1 spa d | ||
| 020 | |a 8774858585 | ||
| 082 | 0 | 4 | |a 921.6 |b BEO |2 21 |
| 100 | 1 | |a Beorlegui, Carlos |e author |9 621890 | |
| 700 | 1 | |a De la Cruz, Cristina |e author |9 621891 | |
| 700 | 1 | |a Aretxaga, Roberto |e author |9 621892 | |
| 245 | 1 | 3 | |a El pensamiento de Juan David García Bacca, una filosofía para nuestro tiempo |
| 246 | 1 | 0 | |a Actas del Congreso Internacional de Filosofía: centenario del nacimiento de Juan David García Bacca |
| 260 | |a Bilbao |b Universidad de Deusto |c 2003 | ||
| 300 | |a 316 p | ||
| 490 | 0 | |a Filosofía, 30 | |
| 583 | |a last modification |c 20190910 10:45:18 |k Rodrigo Vera | ||
| 600 | 1 | 7 | |a GARCIA BACCA, JUAN DAVID |2 CL-VaPUC |9 621893 |
| 650 | 0 | 0 | |a Filosofía española |9 254895 |
| 650 | 0 | 0 | |a Filósofos españoles |9 321894 |
| 650 | 0 | 0 | |a Biografías |9 255210 |
| 650 | 0 | 0 | |a Pensamiento filosófico |9 392662 |
| 942 | |c BK | ||
| 945 | |a dcastane |d 20120621 00:00:00 | ||
| 546 | |a En Español | ||
| 536 | |a Universidad de Deusto | ||
| 518 | |p Congreso Internacional de Filosofía: Centenario del nacimiento de Juan David García Bacca, 1, Bilbao, octubre 2001 | ||
| 999 | |c 384681 |d 384679 | ||
| 952 | |0 0 |1 0 |4 0 |6 921_600000000000000_BEO_2003 |7 0 |8 A |9 507549 |a BIBEDU |b BIBEDU |d 2020-01-23 |i 4831314 |o 921.6 BEO 2003 |p 4831314 |r 2020-01-23 |w 2020-01-23 |y BK |k FIL | ||